000 00623nam a22001817a 4500
020 _a9789381162873
_c495.00
035 _aB-512616
037 _bBSB/Ven.
082 _a617.91
100 _aRao, Devaji S.
245 _aInstant general surgery /
_cby S. Devaji Rao
260 _aNew Delhi
_bAne Books
_c2012
270 _a4821, Parwana Bhawan, 1st Floor, 24 Ansari Road, Darya Ganj
_bNew Delhi
_e110002
300 _axvi,526p.
_c24cm(Hb)
_bill.
500 _aIncludes index
942 _2ddc
_cEN
_mRAO
_h617.91
999 _c79047
_d79047